Missing Word: Jane Wyman Quiz Stats

 Plays Quiz not verified by Sporcle

Also try: Movies of 1980
Challenge
Share
Tweet
Embed
Score 0/14 Timer 02:00
0 Plays Today
Movie Title Missing Word % Correct
_____ Diggers of 1933Gold
94.3%
Anything _____Goes
94.3%
Night and _____Day
85.7%
The _____ MenagerieGlass
85.7%
My _____ GodfreyMan
80%
_____ Voyage!Bon
80%
The _____ WeekendLost
77.1%
Movie Title Missing Word % Correct
You're in the _____ NowArmy
71.4%
All that Heaven _____Allows
62.9%
_____ BelindaJohnny
60%
_____ FrightStage
60%
Magnificent ______Obsession
54.3%
My _____ SpyFavorite
48.6%
_____ O'RourkePrincess
11.4%

You're not logged in!

Compare scores with friends on all Sporcle quizzes.
Join for Free
OR
Log In

You Might Also Like...

Show Comments

Extras

Top Quizzes Today


Score Distribution

Your Account Isn't Verified!

In order to create a playlist on Sporcle, you need to verify the email address you used during registration. Go to your Sporcle Settings to finish the process.

Report this User

Report this user for behavior that violates our Community Guidelines.

Details: